Managerial accounting : creating value in a dynamic business environment
Đã lưu trong:
| 主要作者: | |
|---|---|
| 格式: | Sách |
| 語言: | Undetermined |
| 出版: |
McGraw-Hill Irwin
2008
|
| 主題: | |
| 標簽: |
添加標簽
沒有標簽, 成為第一個標記此記錄!
|
| Thư viện lưu trữ: | Trung tâm Thư viện - Trường Đại học Công nghiệp TP. Hồ Chí Minh |
|---|
| LEADER | 00551nam a2200157Ia 4500 | ||
|---|---|---|---|
| 001 | UIH_05680 | ||
| 008 | 231011s9999 xx 000 0 und d | ||
| 082 | |a 658.15 | ||
| 100 | |a Hilton, Ronald W | ||
| 245 | 0 | |a Managerial accounting : creating value in a dynamic business environment | |
| 245 | 0 | |c Hilton, Ronald W | |
| 260 | |b McGraw-Hill Irwin | ||
| 260 | |c 2008 | ||
| 650 | |a Managerial accounting; Kế toán quản lý; | ||
| 927 | |a Sách | ||
| 980 | |a Trung tâm Thư viện - Trường Đại học Công nghiệp TP. Hồ Chí Minh | ||